000 00681nam a2200289Ia 4500
005 20260324133625.0
008 008 260324s9999 xx 000 0 eng d
020 _a9780429233531
037 _aEBOOK
040 _aCRL
040 _beng
040 _cCRL
041 _2eng
041 _aeng
084 _qCRL
100 _aDavid Glantz
_91193768
245 4 _aThe Soviet Strategic Offensive in Manchuria, 1945
245 0 _b'August Storm'
260 _bTaylor and Francis
260 _c2003
365 _a
365 _b290
856 _uhttp://www.taylorfrancis.com/books/9780429233531
942 _cEBOOK
999 _c1793027
_d1793027